000
00194 a2200097 4500
020
_a
9780836845839
041
_a
spa
100
_a
Brown, Jonatha A.
245
_a
Martn Luther King Jr.
942
_c
BK
999
_c
9863
_d
9863